| 000 | 00356cam a2200145ua 4500 | ||
|---|---|---|---|
| 041 |
_aeng _h |
||
| 082 |
_a822 _bRID/GH |
||
| 100 | _aRidley, Arnold . | ||
| 245 |
_aGhost train:A play in three acts / _cArnold ridley. _hTextual Documents |
||
| 260 |
_aLondon : _bLongman , _c1961. |
||
| 300 | _a103 ; . | ||
| 504 | _a | ||
| 942 | _cBK | ||
| 999 |
_c4392 _d4392 |
||